| 000 | 00740nam a22002297a 4500 | ||
|---|---|---|---|
| 005 | 20170124110115.0 | ||
| 010 | _aA-677758 | ||
| 020 |
_c00.00 _a8185182892 |
||
| 035 | _aA-677758 | ||
| 037 | _bCen Lib/Ret | ||
| 040 |
_aDPL _bEN |
||
| 082 |
_a954.13 _bNEG |
||
| 100 |
_aNegi, S.S. _913479 |
||
| 245 |
_aKumaun : _cby S.S.Negi _bthe land and the people / |
||
| 260 |
_bIndus Publishing Company _aNew Delhi _c1993 |
||
| 270 |
_bNew Delhi _e110027 _aFS-5, Tagore Garden |
||
| 300 |
_a205p. _c20cm(Hb) |
||
| 500 | _aIncludes bibliographical references and index | ||
| 650 |
_aKamaun (India) -- Description and travel _929842 |
||
| 650 |
_aKamaun (India) -- Economic conditions _929843 |
||
| 942 |
_2ddc _cEN _h954.13 _mNEG |
||
| 999 |
_c130685 _d130685 |
||